Minutas y modelos para la Organización Deportiva / (Registro nro. 6209)

Detalles MARC
000 -LEADER
fixed length control field 01032nam a2200217Ia 4500
003 - CONTROL NUMBER IDENTIFIER
control field OSt
005 - DATE AND TIME OF LATEST TRANSACTION
control field 20210120081650.0
008 - FIXED-LENGTH DATA ELEMENTS--GENERAL INFORMATION
fixed length control field 191128s2008 ck gr 000 0 spa d
020 ## - INTERNATIONAL STANDARD BOOK NUMBER
International Standard Book Number 9789588269252
040 ## - CATALOGING SOURCE
Original cataloging agency CO-JMCR
Transcribing agency CO-JMCR
041 0# - LANGUAGE CODE
Language code of text/sound track or separate title spa
082 04 - DEWEY DECIMAL CLASSIFICATION NUMBER
Classification number 796.026 /
Item number I572m
Edition number 23
110 2# - MAIN ENTRY--CORPORATE NAME
Corporate name or jurisdiction name as entry element Instituto Colombiano del Deporte.
Subordinate unit Oficina de Inspección, Vigilancia y Control
9 (RLIN) 12893
245 10 - TITLE STATEMENT
Title Minutas y modelos para la Organización Deportiva /
Statement of responsibility, etc. Instituto Colombiano del Deporte
260 ## - PUBLICATION, DISTRIBUTION, ETC.
Place of publication, distribution, etc. Armenia :
Name of publisher, distributor, etc. Instituto Colombiano del Deporte, Coldeportes : Kinesis,
Date of publication, distribution, etc. 2008
300 ## - PHYSICAL DESCRIPTION
Extent 163 páginas ;
Dimensions 24 cm.
505 0# - FORMATTED CONTENTS NOTE
Formatted contents note Modelo de estatuto de clubes deportivos con un solo miembro en el órgano de administración -- Modelo artículos de los estatutos de clubes, que deben reformar cuando se tratan de clubes promotores -- Modelo de estatuto de ligas deportivas departamentales
650 14 - SUBJECT ADDED ENTRY--TOPICAL TERM
Topical term or geographic name entry element Deportes
Geographic subdivision Colombia
9 (RLIN) 10398
650 14 - SUBJECT ADDED ENTRY--TOPICAL TERM
Topical term or geographic name entry element Administración deportiva
General subdivision modelos, minutas, etc.
Geographic subdivision Colombia
9 (RLIN) 10399
942 ## - ADDED ENTRY ELEMENTS (KOHA)
Source of classification or shelving scheme Dewey Decimal Classification
Koha item type Books
Existencias
Withdrawn status Lost status Source of classification or shelving scheme Damaged status Not for loan Collection code Home library Current library Date acquired Source of acquisition Full call number Barcode Date last seen Copy number Koha item type
    Dewey Decimal Classification     Non-fiction Biblioteca Pública José María del Castillo y Rada Biblioteca Pública José María del Castillo y Rada 04/15/2018 Donación 796.026 / I572m 430012204 05/16/2024 V.3 / Ej.1 Books